Landen met 10 letters - Statistieken

Algemene statistieken
  • Deze quiz is 168 keer genomen
  • De gemiddelde score is 9 van 19
Antwoordstatistieken
Country % Correct
Argentinië
80%
Denemarken
55%
Oostenrijk
55%
Madagaskar
52%
Montenegro
52%
Zuid-Afrika
52%
Kazachstan
48%
El Salvador
45%
Mauritanië
45%
Micronesië
45%
Mozambique
45%
Bangladesh
43%
Filipijnen
41%
Wit-Rusland
41%
Noord-Korea
39%
Zuid-Soedan
34%
Saint Lucia
32%
Kaapverdië
30%
Seychellen
27%
Geen overeenkomende quizzen gevonden
Scoreverdeling
Procent van Mensen met Elke Score
Percentiel versus Aantal Correcte Antwoorden
Uw Scoregeschiedenis
U heeft deze quiz nog niet genomen